000 00420nam a2200157Ia 4500
008 210716s1992 xx 000 0 und d
020 _a8171810128
041 _aeng
082 _a005.3631 TANM
100 _aTanik, Murat M; Townsend, Kyle; Cheng, Winston;Stepoway, Stephen L.
245 _aGraphics programming with turbo pascal.
250 _a1
260 _aNew Delhi
_c1992
300 _ax,181
650 _aNone
999 _c183079
_d183079